00474 2200181 4500001002100000005001500021035002000036245003600056100001200092250001700104300003200121260004400153082001100197084001700208020002200225650001400247500003100261INLIS00000000000070420240929064232 a0010-09240000231 aMaskoki untuk Kontes /cMashudi0 aMashudi acetakan ke-1 aiv, 67 hlm :bIlus ;c21 cm aJakarta :bCitra Cipta Purwosari,c2006 a639.31 a639.31 MAS m a978-979-15406-5-9 4aperikanan aSri keterampilan perikanan